[Event "AUTO-MASTER-1123"]
[Site "http://www.queenalice.com/game.php?id=855990"]
[Date "2010.11.7"]
[Round "2"]
[White "TJ"]
[Black "Patrick_Vieira"]
[Result "0-1"]
[WhiteElo "2072"]
[BlackElo "2432"]

1. d4 Nf6 2. c4 e6 3. Nf3 b6 4. g3 Ba6 5. b3 b5 6. cxb5 Bxb5 7. Bg2 Bc6 8. O-O
Be7 9. Bg5 a5 10. Qc2 a4 11. Nc3 axb3 12. Qxb3 O-O 13. a4 Na6 0-1

[Event "AUTO-MASTER-1123"]
[Site "http://www.queenalice.com/game.php?id=855993"]
[Date "2010.11.7"]
[Round "2"]
[White "technicaldraw"]
[Black "TJ"]
[Result "0-1"]
[WhiteElo "1971"]
[BlackElo "2079"]

1. e4 e6 2. d4 d5 3. Nd2 dxe4 4. Nxe4 Nd7 5. Nf3 Ngf6 6. Nxf6+ Nxf6 7. Bd3 c5 8.
O-O cxd4 9. Nxd4 Bc5 10. Nf3 O-O 11. Bg5 h6 12. Bh4 b6 13. Ne5 Bb7 14. Bxf6 Qxf6
15. Qe2 Rad8 16. a3 Qg5 17. Nf3 Qf4 18. Qe5 Qxe5 19. Nxe5 Bd4 20. Nc4 b5 21. Na5
Bd5 22. Bxb5 Bxb2 23. Rad1 Bxa3 24. Nc6 Rc8 25. Ra1 Bc5 26. Na5 Bd4 27. Rad1 Bc3
28. Nb3 a5 29. Nd2 Rc7 30. Nb3 Rb8 31. Bd3 a4 32. Na1 a3 33. h3 a2 34. Kh1 Rcb7
0-1

[Event "AUTO-MASTER-1123"]
[Site "http://www.queenalice.com/game.php?id=855994"]
[Date "2010.11.7"]
[Round "2"]
[White "TJ"]
[Black "technicaldraw"]
[Result "1-0"]
[WhiteElo "2091"]
[BlackElo "1959"]

1. d4 d5 2. c4 c6 3. Nf3 Nf6 4. Qc2 dxc4 5. Qxc4 Bf5 6. g3 e6 7. Bg2 Nbd7 8. O-O
Be7 9. Nc3 O-O 10. Re1 b5 11. Qxc6 a6 12. e4 Bg6 13. Nh4 e5 14. Nxg6 hxg6 15.
Be3 Qc8 16. Qxc8 Raxc8 17. f4 exd4 18. Bxd4 Bc5 19. Bxc5 Nxc5 20. Rad1 Rfd8 21.
a3 Rxd1 22. Rxd1 Kf8 23. e5 Ne8 24. h4 Nc7 25. b4 N5e6 26. Bb7 Rd8 27. Rxd8+
Nxd8 28. Nd5 Nxd5 29. Bxd5 Ke7 30. Kf2 f6 31. Ke3 Nf7 32. Bxf7 Kxf7 33. Kd4 1-0

[Event "AUTO-MASTER-1123"]
[Site "http://www.queenalice.com/game.php?id=855995"]
[Date "2010.11.7"]
[Round "2"]
[White "PlinioSalgado"]
[Black "TJ"]
[Result "0-1"]
[WhiteElo "1894"]
[BlackElo "2103"]

1. e4 e6 2. d4 d5 3. Nc3 dxe4 4. Nxe4 Nd7 5. Nf3 Ngf6 6. Bg5 h6 7. Bxf6 Nxf6 8.
Bd3 Nxe4 9. Bxe4 c5 10. O-O cxd4 11. Nxd4 Bc5 12. Nf3 Qc7 13. Qd3 O-O 14. Rad1
f5 15. Nh4 fxe4 16. Qxe4 Rf4 17. Rd8+ Qxd8 18. Qxf4 b6 19. Ng6 Ba6 20. Re1 Qf6
0-1

[Event "AUTO-MASTER-1123"]
[Site "http://www.queenalice.com/game.php?id=855996"]
[Date "2010.11.7"]
[Round "2"]
[White "TJ"]
[Black "PlinioSalgado"]
[Result "1-0"]
[WhiteElo "2068"]
[BlackElo "1936"]

1. d4 Nf6 2. c4 g6 3. Nc3 d5 4. Nf3 Bg7 5. e3 Bg4 6. Qb3 Bxf3 7. Qxb7 Nbd7 8.
gxf3 dxc4 9. Bxc4 Nb6 10. Bb5+ Nfd7 11. f4 O-O 12. Bc6 Nc4 13. Qxa8 Qxa8 14.
Bxa8 1-0

[Event "QA-ANNIV-06"]
[Site "http://www.queenalice.com/game.php?id=885098"]
[Date "2011.1.12"]
[Round "3"]
[White "TJ"]
[Black "csparrow"]
[Result "1-0"]
[WhiteElo "2123"]
[BlackElo "2620"]

1. Nf3 Nf6 2. g3 d5 3. Bg2 c6 4. O-O Bg4 5. Ne5 Bf5 6. d4 Nbd7 7. c4 e6 8. Nc3
Be7 9. Qb3 Qb6 10. Nxd7 Nxd7 11. e4 dxe4 12. Nxe4 O-O 13. Be3 Rfd8 14. h3 Bg6
15. Qc3 Nf6 16. Nc5 a5 17. Rfd1 h6 18. Nd3 Ne4 19. Qc2 Bh7 20. Qe2 a4 21. d5 Qa6
22. dxc6 Qxc6 23. Ne5 Qc7 24. Bf4 Nd6 25. Rac1 Qc5 26. Qe1 Bf8 27. b4 axb3 28.
axb3 g5 29. b4 Qc7 30. Bd2 Bg7 31. Bc3 Bf5 32. Ng4 Bxg4 33. hxg4 Ne8 34. Rxd8
Rxd8 35. c5 Qd7 36. Ra1 Nf6 37. Ra7 Nd5 38. Bxg7 Kxg7 39. Qe2 Qc8 40. Qe5+ Kg8
41. Bxd5 Rxd5 42. Qa1 Rd8 43. Kh2 e5 44. Qxe5 Qxg4 45. Qf6 Rb8 46. b5 Qh5+ 47.
Kg2 g4 48. Ra4 Re8 49. Qc3 Qd5+ 50. Kh2 h5 51. Rf4 Qe5 52. Qc2 Qd5 53. Rf5 Re5
54. Rxe5 Qxe5 55. c6 bxc6 56. bxc6 Qc7 57. Kg1 Kf8 58. Qc5+ 1-0

[Event "AUTO-OPEN-2023"]
[Site "http://www.queenalice.com/game.php?id=886988"]
[Date "2011.1.16"]
[Round "2"]
[White "PunditJi"]
[Black "TJ"]
[Result "1/2-1/2"]
[WhiteElo "2566"]
[BlackElo "2180"]

1. e4 c6 2. d4 d5 3. e5 Bf5 4. Bd3 Bxd3 5. Qxd3 e6 6. Nf3 Qa5+ 7. Nc3 Qa6 8.
Qxa6 Nxa6 9. Ne2 Ne7 10. O-O c5 11. c3 Rc8 12. Rd1 Nf5 13. g4 Ne7 14. Be3 h5 15.
g5 Ng6 16. Rac1 b5 17. b3 c4 18. Rb1 Nc7 19. a4 cxb3 20. axb5 Nxb5 21. Rxb3 a6
22. Ra1 Rc6 23. Bd2 Be7 24. Rb2 O-O 25. Rba2 Ra8 26. Ra5 Nc7 27. Rb1 Nf8 28. Nf4
g6 29. Ng2 Nd7 30. Kf1 Rb8 31. Rxb8+ Nxb8 32. Ke2 Rb6 33. Ra4 Nc6 34. Ne3 Rb2
35. Kd1 a5 36. c4 Rb1+ 37. Kc2 Rb7 38. c5 Kf8 39. Nd1 Ke8 1/2-1/2

[Event "AUTO-OPEN-2023"]
[Site "http://www.queenalice.com/game.php?id=886989"]
[Date "2011.1.16"]
[Round "2"]
[White "TJ"]
[Black "PunditJi"]
[Result "1/2-1/2"]
[WhiteElo "2191"]
[BlackElo "2559"]

1. Nf3 d5 2. d4 Bf5 3. c4 e6 4. Qb3 Nc6 5. Bd2 Rb8 6. e3 Nf6 7. cxd5 exd5 8. Nc3
Be7 9. Be2 O-O 10. O-O Re8 11. Rfd1 Qd6 12. Nh4 Be6 13. Rac1 Ne4 14. Nf3 a6 15.
Bd3 Qd7 16. Be1 Bd6 17. Be2 Nf6 18. Na4 Qe7 19. Nc5 Bg4 20. h3 Bh5 21. Qc2 Bxc5
22. Qxc5 Qe6 23. b4 Ne4 24. Qc2 Ra8 25. a4 Rec8 26. g4 Bg6 27. Qa2 f6 28. Nh4
Bf7 29. Qb1 Ne7 30. Ng2 Qd7 31. Qb3 c6 32. f3 Nd6 33. Bg3 Re8 34. Bd3 f5 35. Qc2
a5 36. b5 cxb5 37. Bxd6 Qxd6 38. Qc7 Qxc7 39. Rxc7 bxa4 40. Bb5 1/2-1/2

[Event "AUTO-OPEN-2023"]
[Site "http://www.queenalice.com/game.php?id=886992"]
[Date "2011.1.16"]
[Round "2"]
[White "cunha"]
[Black "TJ"]
[Result "1-0"]
[WhiteElo "2828"]
[BlackElo "2169"]

1. e4 c6 2. d4 d5 3. Nc3 dxe4 4. Nxe4 Bf5 5. Ng3 Bg6 6. h4 h6 7. h5 Bh7 8. Nf3
Nd7 9. Bd3 Bxd3 10. Qxd3 e6 11. Bf4 Ngf6 12. O-O-O Be7 13. Kb1 O-O 14. Ne5 Qa5
15. Nxd7 Nxd7 16. Ne4 Nf6 17. Nxf6+ Bxf6 18. Qg3 Kh8 19. Rd3 Qb5 20. Qf3 Qd5 21.
Bxh6 Qxf3 22. Rxf3 Bxd4 23. Bc1 Rad8 24. h6 g6 25. c3 Be5 26. Re1 f6 27. Re2
Rde8 28. g4 Bc7 29. g5 f5 30. Rd3 Rf7 31. Red2 e5 32. Kc2 e4 33. Rd7 Rfe7 34. b3
b6 35. Ba3 c5 36. Bb2 Be5 37. R2d5 Rxd7 38. Rxd7 f4 39. Kd2 a6 40. Ke2 Re6 41.
a4 1-0

[Event "AUTO-OPEN-2023"]
[Site "http://www.queenalice.com/game.php?id=886993"]
[Date "2011.1.16"]
[Round "2"]
[White "TJ"]
[Black "cunha"]
[Result "1-0"]
[WhiteElo "2211"]
[BlackElo "2841"]

1. Nf3 Nf6 2. g3 d5 3. Bg2 Nc6 4. d4 Bf5 5. O-O e6 6. c4 dxc4 7. Qa4 Qd7 8. Qxc4
O-O-O 9. Nc3 Na5 10. Qb5 Qxb5 11. Nxb5 a6 12. Nc3 Be7 13. Bf4 Nc4 14. Rfc1 Nd6
15. Ne5 Nh5 16. e4 Nxf4 17. gxf4 Bg6 18. f5 Bh5 19. fxe6 fxe6 20. Bh3 Bf6 21.
Nd5 Bxe5 22. dxe5 Nb5 23. Nf4 Bf7 24. Bxe6+ Bxe6 25. Nxe6 Rd7 26. Rc4 Re8 27. a4
Rxe6 28. axb5 Rxe5 29. bxa6 Rg5+ 30. Kf1 bxa6 31. Rxa6 Rh5 32. Rb4 Rd2 33. Ra8+
Kd7 34. Rbb8 Rc2 35. Kg2 Rg5+ 36. Kf3 Rh5 37. Kg3 Rg5+ 38. Kf4 Rg6 39. Ke3 Rg2
40. f4 Rge2+ 41. Kf3 Rxh2 42. b4 h5 43. Ke3 h4 44. Rd8+ Kc6 45. Rab8 Rb2 46. Rd5
Rbe2+ 47. Kd4 Rd2+ 48. Ke5 Rxd5+ 49. exd5+ Kd7 50. Rh8 h3 51. Ke4 Kd6 52. Rd8+
Ke7 53. Rg8 Kf6 54. Rc8 1-0

[Event "AUTO-MASTER-1327"]
[Site "http://www.queenalice.com/game.php?id=890132"]
[Date "2011.1.23"]
[Round "1"]
[White "amand"]
[Black "TJ"]
[Result "0-1"]
[WhiteElo "2154"]
[BlackElo "2168"]

1. d4 d5 2. Bg5 Nf6 3. Nf3 Ne4 4. Bh4 c5 5. c3 Nc6 6. dxc5 Nxc5 7. Nbd2 Qb6 8.
Nb3 e5 9. e3 f6 10. Be2 Bd6 11. Bg3 Be6 12. O-O O-O 13. Nxc5 Bxc5 14. Qb3 Ne7
15. Qxb6 Bxb6 16. Rfd1 Nf5 17. Kf1 Rac8 18. Nd2 Rfd8 19. Nb3 Kf7 20. Ke1 g6 21.
Bd3 a5 22. Nd2 h5 23. Ke2 e4 24. Bb5 h4 25. Bf4 g5 0-1

[Event "AUTO-MASTER-1327"]
[Site "http://www.queenalice.com/game.php?id=890133"]
[Date "2011.1.23"]
[Round "1"]
[White "TJ"]
[Black "amand"]
[Result "1-0"]
[WhiteElo "2202"]
[BlackElo "2129"]

1. Nf3 e6 2. g3 b6 3. c4 Bb7 4. Bg2 Nf6 5. d4 c5 6. O-O Be7 7. d5 exd5 8. Nh4
O-O 9. Nf5 Re8 10. Nc3 Na6 11. Bg5 Bf8 12. Nxd5 Bxd5 13. Bxd5 Rb8 14. Bf4 d6 15.
Bxd6 Bxd6 16. Nxd6 Re7 17. e4 Kf8 18. e5 Nxd5 19. Qh5 Kg8 20. cxd5 Nc7 21. Rad1
Ne8 22. Nf5 Rd7 23. d6 g6 24. Nh6+ Kg7 25. Qh3 Rbb7 26. Ng4 h5 27. Ne3 Qg5 28.
f4 Qd8 29. f5 Qg5 30. Rde1 b5 31. fxg6 fxg6 32. Qe6 Rd8 33. Nd5 Rbd7 34. Nf6
Nxf6 35. exf6+ Kf8 36. f7 Rxd6 37. Qe8+ 1-0

[Event "AUTO-MASTER-1327"]
[Site "http://www.queenalice.com/game.php?id=890146"]
[Date "2011.1.23"]
[Round "1"]
[White "PlinioSalgado"]
[Black "TJ"]
[Result "0-1"]
[WhiteElo "1877"]
[BlackElo "2109"]

1. e4 c6 2. d4 d5 3. f3 e6 4. Nc3 Bb4 5. Bd2 Ne7 6. a3 Ba5 7. b4 Bc7 8. Bd3 O-O
9. Nge2 dxe4 10. Nxe4 Nf5 11. O-O Nxd4 12. Bc3 Nf5 13. N2g3 Ne3 0-1

[Event "AUTO-MASTER-1327"]
[Site "http://www.queenalice.com/game.php?id=890147"]
[Date "2011.1.23"]
[Round "1"]
[White "TJ"]
[Black "PlinioSalgado"]
[Result "1-0"]
[WhiteElo "2146"]
[BlackElo "1978"]

1. Nf3 Nf6 2. g3 g6 3. Bg2 Bg7 4. O-O O-O 5. d4 d6 6. c4 c5 7. Nc3 Nc6 8. dxc5
dxc5 9. Bf4 a6 10. Ne5 Nxe5 11. Bxe5 Qb6 12. Na4 Qe6 13. f4 Nd7 14. Bd5 Qh3 15.
Bxg7 Kxg7 16. Nxc5 Nf6 17. Qd4 Bg4 18. Qe5 Rab8 19. Bxb7 Kg8 20. Bg2 Qh6 21.
Qxe7 Nh5 22. b3 Rfe8 23. Qg5 Qxg5 24. fxg5 Rxe2 25. Nxa6 1-0

[Event "AUTO-MASTER-1327"]
[Site "http://www.queenalice.com/game.php?id=890156"]
[Date "2011.1.23"]
[Round "1"]
[White "TJ"]
[Black "ozzyvegeta"]
[Result "1-0"]
[WhiteElo "2153"]
[BlackElo "1910"]

1. Nf3 d5 2. g3 c5 3. Bg2 Bg4 4. c4 e6 5. Ne5 Bh5 6. Qa4+ Nd7 7. cxd5 Bd6 8. Nc4
Bc7 9. d6 Bb6 10. Bxb7 Rb8 11. Bc6 Nf6 12. Ne5 Rc8 13. f3 c4 14. Na3 Bc5 15.
Naxc4 Bd4 16. d3 Rxc6 17. Nxc6 Qa8 18. Nxd4 O-O 19. O-O Qd5 20. Nc6 Kh8 21. Ne7
Qb7 22. Qc6 Qb4 23. Bd2 Qb8 24. g4 Bg6 25. g5 Nh5 26. Qxd7 f6 27. Nxg6+ hxg6 28.
Qxe6 Re8 29. Qf7 Kh7 30. e4 fxg5 31. d7 Rf8 32. Qe7 Ng3 33. Rf2 Nh5 34. Ne5 Qxb2
35. Qxf8 Qxa1+ 36. Kg2 Qxe5 37. d8=Q Qxe4 38. Qh8# 1-0

[Event "AUTO-MASTER-1327"]
[Site "http://www.queenalice.com/game.php?id=890157"]
[Date "2011.1.23"]
[Round "1"]
[White "ozzyvegeta"]
[Black "TJ"]
[Result "0-1"]
[WhiteElo "1998"]
[BlackElo "2114"]

1. e4 c6 2. d4 d5 3. Nc3 dxe4 4. Nxe4 Bf5 5. Ng3 Bg6 6. Nf3 Nd7 7. Bc4 e6 8. O-O
Ngf6 9. Bf4 Be7 10. Qe2 Nd5 11. Bxd5 cxd5 12. Qb5 Qb6 13. Qxb6 Nxb6 14. a4 O-O
15. c3 Nc4 16. b3 Na5 17. Nd2 Rac8 18. Rac1 Ba3 19. Rc2 Bxc2 20. Ra1 Be7 21. b4
Nc4 22. Nxc4 Rxc4 23. a5 Rxc3 0-1

[Event "AUTO-MASTER-1327"]
[Site "http://www.queenalice.com/game.php?id=964447"]
[Date "2011.7.24"]
[Round "2"]
[White "danbotoy"]
[Black "TJ"]
[Result "1-0"]
[WhiteElo "2521"]
[BlackElo "2214"]

1. e4 c6 2. Nc3 g6 3. Nf3 Bg7 4. d4 d5 5. e5 Bg4 6. Bf4 Qa5 7. h3 Bf5 8. Be2 Nd7
9. Qd2 Nf8 10. b4 Qxb4 11. Rb1 1-0

[Event "AUTO-MASTER-1327"]
[Site "http://www.queenalice.com/game.php?id=964448"]
[Date "2011.7.24"]
[Round "2"]
[White "TJ"]
[Black "danbotoy"]
[Result "0-1"]
[WhiteElo "2217"]
[BlackElo "2519"]

1. d4 Nf6 2. c4 g6 3. g3 Bg7 4. Nc3 O-O 5. Bg2 Nc6 6. Nf3 d6 7. O-O Bf5 8. b3
Ne4 9. Bb2 e6 10. Nd2 Nxc3 0-1

[Event "AUTO-MASTER-1327"]
[Site "http://www.queenalice.com/game.php?id=964453"]
[Date "2011.7.24"]
[Round "2"]
[White "TJ"]
[Black "pgierech"]
[Result "1-0"]
[WhiteElo "2232"]
[BlackElo "1912"]

1. d4 Nf6 2. c4 e6 3. g3 d5 4. Bg2 c6 5. Qc2 Be7 6. Nd2 O-O 7. Ngf3 Nbd7 8. O-O
Qc7 9. e4 dxe4 10. Nxe4 Nxe4 11. Qxe4 Nf6 12. Qe2 b6 13. Bf4 Bd6 14. Ne5 Ba6 15.
b3 Rfd8 16. Nxc6 Bxf4 17. Nxd8 Rxd8 18. gxf4 Rxd4 19. Rad1 Rxf4 20. Qe5 1-0

[Event "AUTO-MASTER-1327"]
[Site "http://www.queenalice.com/game.php?id=964454"]
[Date "2011.7.24"]
[Round "2"]
[White "pgierech"]
[Black "TJ"]
[Result "0-1"]
[WhiteElo "1928"]
[BlackElo "2234"]

1. Nf3 Nf6 2. g3 g6 3. Bg2 Bg7 4. O-O O-O 5. d4 d5 6. c3 c6 7. Nbd2 Bf5 8. Nh4
Be6 9. e4 dxe4 10. Nxe4 Nxe4 11. Bxe4 Bd5 12. Qc2 Nd7 13. Be3 Re8 14. Bxd5 cxd5
15. Rae1 Nb6 16. Bf4 Qd7 17. Nf3 f6 18. Re2 g5 19. Bc1 Rac8 20. Kg2 e5 0-1

[Event "QA-ANNIV-06"]
[Site "http://www.queenalice.com/game.php?id=967013"]
[Date "2011.7.31"]
[Round "5"]
[White "TJ"]
[Black "Tsol"]
[Result "0-1"]
[WhiteElo "2234"]
[BlackElo "2580"]

1. Nf3 d5 2. d4 Nf6 3. c4 c6 4. Qc2 g6 5. Bf4 dxc4 6. Qxc4 Be6 7. Qc1 Bg7 8. Nc3
c5 9. dxc5 O-O 10. g3 Qa5 11. Bg2 Nc6 12. O-O Rac8 13. Be3 Ng4 14. h3 Nxe3 15.
Qxe3 Nb4 16. Qg5 Rxc5 17. Qxe7 Bxc3 18. bxc3 Nd5 19. Qxb7 Rb5 20. Qc6 Rb6 21.
Qc4 Ne3 22. Qh4 Nxf1 23. Ng5 h5 24. Rxf1 Qxc3 25. Ne4 Qb2 26. Qe7 Bc4 27. Qxa7
Bxe2 28. Re1 Ra6 29. Qe3 Rxa2 30. g4 Ra1 31. Rxa1 Qxa1+ 32. Kh2 Qe5+ 33. Kg1 Bd1
34. g5 Kg7 35. f4 Qb2 36. Nd6 Rd8 37. Ne8+ Kf8 38. Qc5+ Kg8 39. Nf6+ Kg7 40. Qe7
Qd4+ 41. Kh1 Ba4 42. h4 Rc8 43. Nd5 Rc2 44. Qf6+ Qxf6 45. Nxf6 Bc6 46. Bxc6 Rxc6
47. Nd5 Rc5 48. Ne3 Rc3 49. Nd5 Rd3 50. Ne7 Rd4 0-1